| 000 | 01460nam a22002657a 4500 | ||
|---|---|---|---|
| 005 | 20091120134257.0 | ||
| 008 | 091120t xxu||||| |||| 00| 0 hin d | ||
| 010 | _aHIN-88665 | ||
| 020 | _c150.00 | ||
| 035 | _aHN-61011 | ||
| 037 | _bDBAD / PUB | ||
| 040 |
_aDPL _bHN |
||
| 082 | _a352.054 | ||
| 100 | _aधर्मेंद्र सिंह | ||
| 245 |
_aपंचायत राज संस्थाएँ एवं मानव संसाधन / _cधर्मेंद्र सिंह |
||
| 246 |
_aPanchayat Raj Sansthain evm manav sansadhan / _bby Dharmendr Singh |
||
| 260 |
_aबीना (म.प्र.) _bआदित्य पब्लिशर्स _c2009 |
||
| 270 |
_aजागेस्वरी माता काम्पलेक्स, पाठक वार्ड _bबीना (म.प्र.) |
||
| 300 |
_a96पृ _c22सेमी (सजिल्द) |
||
| 500 | _aसमान ISBN 9788187725411 शीर्षक महिला श्रमिक सामाजिक स्थिति एवं समस्याएं | ||
| 650 |
_aपंचायत _zभारत |
||
| 650 |
_aPanchayat _zIndia |
||
| 942 |
_2ddc _cHN _h352.054 _mधर्मेंद्र |
||
| 999 |
_c31999 _d31999 |
||